Разработка моделей и алгоритмов оценки адаптационных стратегий и дифференциальной диагностики развивающихся систем. (на примере системы оценки здоровья в раннем неонатальном периоде): автореферат диссертации на соискание ученой степени кандидата технических наук; спец. 05.13.11

Dettagli Bibliografici
Autore principale: Гергет О. М. Ольга Михайловна
Ente Autore: Томский политехнический университет
Altri autori: Кочегуров В. А. (научный руководитель)
Riassunto:Защита состоялась 18 сентября 2002 года в ТПУ
Lingua:russo
Pubblicazione: Томск, 2002
Soggetti:
Natura: Libro
KOHA link:https://koha.lib.tpu.ru/cgi-bin/koha/opac-detail.pl?biblionumber=43014

MARC

LEADER 00000nam0a2200000 4500
001 43014
005 20231101210804.0
035 |a (RuTPU)RU\TPU\book\44411 
090 |a 43014 
100 |a 20020924d2002 k y0rusy50 ca 
101 0 |a rus 
102 |a RU 
105 |a a d 001zy 
200 1 |a Разработка моделей и алгоритмов оценки адаптационных стратегий и дифференциальной диагностики развивающихся систем. (на примере системы оценки здоровья в раннем неонатальном периоде)  |e автореферат диссертации на соискание ученой степени кандидата технических наук  |e спец. 05.13.11  |f О. М. Гергет  |g Томский политехнический университет ; науч. рук. В. А. Кочегуров 
210 |a Томск  |d 2002 
215 |a 24 с.  |c ил. 
300 |a Защита состоялась 18 сентября 2002 года в ТПУ 
320 |a Библиогр.: 17 назв. 
452 1 |0 (RuTPU)RU\TPU\book\45499  |t Разработка моделей и алгоритмов оценки адаптационных стратегий и дифференциальной диагностики развивающихся систем. ( На примере системы оценки здоровья в раннем неонатальном периоде )  |o автореферат диссертации на соискание ученой степени кандидата технических наук:  |f О. М. Гергет  |g Томский политехнический университет ; науч. рук. В. А. Кочегуров  |c Томск  |d 2002  |a Гергет, Ольга Михайловна 
606 1 |a Медицинская информатика  |2 stltpush  |3 (RuTPU)RU\TPU\subj\52452  |9 70885 
610 1 |a медицина 
610 1 |a здоровье 
610 1 |a оценка 
610 1 |a адаптация 
610 1 |a функциональное состояние 
610 1 |a дети 
610 1 |a педиатрия 
610 1 |a моделирование 
610 1 |a кардиоинтервалометрия 
610 1 |a хронокардиометрия 
610 1 |a неонатальный период 
610 1 |a диагностика 
610 1 |a алгоритмы 
610 1 |a компьютерные системы 
610 1 |a математические методы 
610 1 |a программное обеспечение 
610 1 |a труды учёных ТПУ 
675 |a 61:004(04)  |v 3 
686 |a 05.13.11  |v LBC/SL-A  |2 rubbk 
700 1 |a Гергет  |b О. М.  |g Ольга Михайловна 
702 1 |a Кочегуров  |b В. А.  |4 727 
712 0 2 |a Томский политехнический университет  |2 stltpush  |3 (RuTPU)RU\TPU\col\376 
801 1 |a RU  |b 63413507  |c 20020924  |g PSBO 
801 2 |a RU  |b 63413507  |c 20230628  |g PSBO 
942 |c BK